| 000 | 00497nam a2200157 a 4500 | ||
|---|---|---|---|
| 001 | 5689 | ||
| 003 | CDMR | ||
| 005 | 20131107121446.0 | ||
| 008 | 130130s ||||||||||||||||||||||||||||d | ||
| 040 |
_aCDMR _bcat _cCPC GIRONA |
||
| 245 | 0 |
_aPla, en primer pla _c[textos del catàleg: Narcís-Jordi Aragó, Josep M. Casasús i Miquel Pairolí] |
|
| 260 |
_bCol.legi de Periodistes de Catalunya _aGirona _c1997 |
||
| 500 | _aCatàleg d'exposició | ||
| 600 | 1 |
_9827 _aPla, Josep _d1897-1981 |
|
| 942 |
_cMON _2udc |
||
| 999 |
_c5689 _d5689 |
||